000 00318nam a2200097Ia 4500
082 _a305.242 JOWE
245 0 _aManaging the quarterlife crisis : [facing life's choices in your 20s and 30s]
100 _a JOWELL, Joanne Cape Town, 2003
_996468
942 _cBK
008 210817s9999 xx 000 0 und d
999 _c405359
_d405358